| 000 | 01041nac a22002777a 4500 | ||
|---|---|---|---|
| 001 | BR8704955 | ||
| 003 | BR-BrBNA | ||
| 005 | 20240105120534.0 | ||
| 008 | 230509b bl.|||m| |||| 00| 0 por d | ||
| 040 |
_aBR-BrBNA _bpor _cBiblioteca Nacional de Agricultura |
||
| 072 | _aF30 | ||
| 090 | _a1410 BR8704955 | ||
| 100 | 1 | _aFlesch, R.D. | |
| 110 | 1 | _aEmpresa Catarinense de Pesquisa Agropecuaria S.A., Florianopolis, SC (Brasil) | |
| 245 | 1 | _aRecomendacao da cultivar de feijao carioca 80 para cultivo no oeste catarinense safra 1985/86 [Santa Catarina, Brasil] | |
| 246 | 1 | _a[Recommendation of bean cultivar Carioca 80 for cropping in Western Santa Catarina 1985/86] | |
| 260 | 3 |
_aFlorianopolis, SC (Brasil): _c1985. |
|
| 300 | _a9 p. | ||
| 490 |
_aComunicado Tecnico - Empresa Catarinense de Pesquisa Agropecuaria S.A. (Brazil) _vno. 91 _xISSN 0100-4719 |
||
| 500 | _a6 ref. | ||
| 650 | _aVARIEDADE | ||
| 650 | _aFEIJAO | ||
| 650 | _aSANTA CATARINA | ||
| 909 |
_a202312 _bLúcia Elande _c55 _dLúcia Elande |
||
| 942 |
_2AGRIS _n0 _cMS |
||
| 999 |
_c280024 _d280024 |
||